|
|
|
|
| LEADER |
01394nam a22003734a 4500 |
| 001 |
EBC470404 |
| 003 |
MiAaPQ |
| 005 |
20200520144314.0 |
| 006 |
m o d | |
| 007 |
cr cn||||||||| |
| 008 |
070816s2007 enka sbf 001 0 eng |
| 010 |
|
|
|z 2007033392
|
| 020 |
|
|
|z 9780470034965
|
| 020 |
|
|
|z 9780470034965 (HB)
|
| 035 |
|
|
|a (MiAaPQ)EBC470404
|
| 035 |
|
|
|a (Au-PeEL)EBL470404
|
| 035 |
|
|
|a (CaPaEBR)ebr10300600
|
| 035 |
|
|
|a (CaONFJC)MIL234287
|
| 035 |
|
|
|a (OCoLC)609849269
|
| 040 |
|
|
|a MiAaPQ
|c MiAaPQ
|d MiAaPQ
|
| 050 |
|
4 |
|a HG1615.25
|b .A33 2007
|
| 082 |
0 |
4 |
|a 658.15/5
|2 22
|
| 100 |
1 |
|
|a Adam, Alexandre.
|
| 245 |
1 |
0 |
|a Handbook of asset and liability management
|h [electronic resource] :
|b from models to optimal return strategies /
|c Alexandre Adam.
|
| 260 |
|
|
|a Chichester, England ;
|a Hoboken, NJ :
|b John Wiley & Sons,
|c 2007.
|
| 300 |
|
|
|a xv, 550 p. :
|b ill.
|
| 490 |
1 |
|
|a Wiley finance
|
| 504 |
|
|
|a Includes bibliographical references (p. [533]-539) and index.
|
| 533 |
|
|
|a Electronic reproduction. Ann Arbor, MI : ProQuest, 2015. Available via World Wide Web. Access may be limited to ProQuest affiliated libraries.
|
| 650 |
|
0 |
|a Asset-liability management.
|
| 655 |
|
4 |
|a Electronic books.
|
| 710 |
2 |
|
|a ProQuest (Firm)
|
| 830 |
|
0 |
|a Wiley finance series.
|
| 856 |
4 |
0 |
|u https://ebookcentral.proquest.com/lib/matrademy/detail.action?docID=470404
|z Click to View
|